[Event "Campionatele Nationale de sah pentru co"]
[Site "Calimanesti-Caciulata"]
[Date "2018.03.29"]
[Round "3.17"]
[White "Tablan, Matei-Christian"]
[Black "Ungureanu, David-Mihai"]
[Result "1-0"]
[WhiteElo "1625"]
[BlackElo "1307"]
[PlyCount "67"]
[EventDate "2018.03.27"]
[EventRounds "9"]

1. e4 e5 2. Nf3 Nc6 3. Bb5 a6 4. Ba4 Nf6 5. O-O d6 6. d4 Bd7 7. Re1 g6 8. Bg5
Bg7 9. Bxc6 Bxc6 10. dxe5 dxe5 11. Qxd8+ Rxd8 12. Nxe5 O-O 13. Bxf6 Bxf6 14.
Nxc6 bxc6 15. c3 Rfe8 16. Na3 Re6 17. Nc4 Rde8 18. f3 Bg7 19. Kf2 Bf8 20. Rad1
Bd6 21. Nxd6 cxd6 22. c4 c5 23. g4 g5 24. Rd5 f6 25. Red1 Rd8 26. b3 a5 27.
Rxc5 dxc5 28. Rxd8+ Kg7 29. Ra8 Rd6 30. Ke2 Kg6 31. Rxa5 Rc6 32. Rb5 h5 33. h3
hxg4 34. hxg4 1-0

[Event "Campionatele Nationale de sah pentru co"]
[Site "Calimanesti-Caciulata"]
[Date "2018.03.28"]
[Round "2.10"]
[White "Antal, Hunor-Zoltan"]
[Black "Tablan, Matei-Christian"]
[Result "1-0"]
[WhiteElo "1904"]
[BlackElo "1625"]
[PlyCount "67"]
[EventDate "2018.03.27"]
[EventRounds "9"]

1. d4 f5 2. Nf3 Nf6 3. c4 e6 4. Nc3 Be7 5. g3 O-O 6. Bg2 d6 7. O-O c6 8. Qc2 d5
9. b3 Qe8 10. Ne5 Qh5 11. f3 Nbd7 12. e4 fxe4 13. Nxd7 Nxd7 14. fxe4 Rxf1+ 15.
Bxf1 Nf6 16. Bg2 Bd7 17. Bd2 dxc4 18. bxc4 e5 19. Qd3 exd4 20. Ne2 c5 21. Nf4
Qe5 22. Re1 Bd6 23. Nd5 Nxd5 24. cxd5 Qf6 25. Qb3 b6 26. Bf4 Re8 27. Rf1 Qe7
28. e5 Bxe5 29. d6+ Qf7 30. Qxf7+ Kxf7 31. Bxe5+ Kg8 32. Bd5+ Kh8 33. Rf7 h6
34. Bxg7+ 1-0

[Event "Campionatele Nationale de sah pentru co"]
[Site "Calimanesti-Caciulata"]
[Date "2018.03.27"]
[Round "1.25"]
[White "Tablan, Matei-Christian"]
[Black "Tudoroiu, Razvan-Catalin"]
[Result "1-0"]
[WhiteElo "1625"]
[BlackElo "1001"]
[PlyCount "72"]
[EventDate "2018.03.27"]
[EventRounds "9"]

1. e4 c6 2. d4 d5 3. e5 Bf5 4. Nf3 e6 5. Bd3 Bxd3 6. Qxd3 Bb4+ 7. c3 Ba5 8. O-O
Ne7 9. Nh4 O-O 10. Qg3 Kh8 11. Nd2 Nd7 12. Ndf3 Rc8 13. Qh3 h6 14. Qg4 c5 15.
Qh5 Qe8 16. Bxh6 Kg8 17. Qg4 Ng6 18. Nxg6 fxg6 19. Be3 cxd4 20. cxd4 Rc2 21.
Ng5 Rf5 22. Qh3 Nf8 23. g4 Rxg5 24. Bxg5 Rxb2 25. Qa3 Qb5 26. Be7 Qe2 27. Bxf8
Qxg4+ 28. Qg3 Qxd4 29. Rad1 Qe4 30. Bc5 Rxa2 31. Rd3 b6 32. Bd6 Ra4 33. Rf3 Qg4
34. Rf8+ Kh7 35. Qxg4 Rxg4+ 36. Kh1 Bc3 1-0

[Event "WSCC Open U13"]
[Site "?"]
[Date "2017.04.27"]
[Round "?"]
[White "Tablan, Matei-Christian"]
[Black "Iskakbaev, Ibraim"]
[Result "0-1"]
[WhiteElo "1676"]
[BlackElo "1453"]
[PlyCount "114"]
[EventDate "2017.??.??"]

1. e4 c5 2. Nf3 d6 3. d4 cxd4 4. Nxd4 Nf6 5. Nc3 g6 6. Be2 Bg7 7. Be3 Nc6 8.
O-O O-O 9. Qd2 Ng4 10. Bxg4 Bxg4 11. h3 Bd7 12. Nxc6 Bxc6 13. Bh6 Qb6 14. Bxg7
Kxg7 15. b3 Rac8 16. Nd5 Qd8 17. c4 b6 18. Rfe1 Qd7 19. a4 Rfd8 20. Rad1 Qb7
21. Qf4 a6 22. Qe3 Bxd5 23. Qd4+ Kg8 24. Qxd5 Qxd5 25. Rxd5 Rc5 26. Red1 Rdc8
27. Kf1 Kg7 28. Ke2 Kf6 29. R1d4 a5 30. Kd3 Ke6 31. Kc3 Rxd5 32. Rxd5 Rc5 33.
b4 Rxd5 34. cxd5+ Ke5 35. f3 e6 36. Kc4 exd5+ 37. exd5 g5 38. g3 f5 39. h4 gxh4
40. gxh4 h5 41. Kb5 Kxd5 42. bxa5 bxa5 43. Kxa5 Kc5 44. Ka6 d5 45. a5 d4 46.
Kb7 d3 47. a6 d2 48. a7 d1=Q 49. a8=Q Qd5+ 50. Kb8 Qxa8+ 51. Kxa8 Kd4 52. Kb7
Ke3 53. Kc6 Kxf3 54. Kd5 f4 55. Ke5 Kg4 56. Ke4 f3 57. Ke3 Kg3 0-1

[Event "WSCC Open U13"]
[Site "?"]
[Date "2017.04.26"]
[Round "?"]
[White "Eynullayev, Altay"]
[Black "Tablan, Matei-Christian"]
[Result "1-0"]
[WhiteElo "2314"]
[BlackElo "1676"]
[PlyCount "77"]
[EventDate "2017.??.??"]

1. e4 e6 2. d4 d5 3. Nc3 Bb4 4. e5 c5 5. a3 Bxc3+ 6. bxc3 Ne7 7. Qg4 O-O 8. Bd3
Ng6 9. h4 f5 10. Qg3 Qc7 11. h5 Ne7 12. Bd2 Qb6 13. Nf3 c4 14. Be2 Qb2 15. O-O
Qxc2 16. a4 f4 17. Qh4 Nbc6 18. Rfc1 Qf5 19. Bd1 h6 20. Bc2 Qf7 21. Qg4 Na5 22.
Rcb1 Bd7 23. Nh4 Nf5 24. Ng6 Rfb8 25. Nxf4 a6 26. Rb6 Rc8 27. Nxe6 Bxe6 28.
Rxe6 Qxe6 29. Bxf5 Qe8 30. Bxh6 Rc7 31. e6 Nc6 32. Bf4 Re7 33. Bd6 Rd8 34. Bxe7
Nxe7 35. Re1 Nxf5 36. Qxf5 Qe7 37. Re3 Rf8 38. Qxd5 Qh4 39. e7+ 1-0

[Event "WSCC Open U13"]
[Site "?"]
[Date "2017.04.25"]
[Round "?"]
[White "Tablan, Matei-Christian"]
[Black "Padurariu, Mihai-Edward"]
[Result "0-1"]
[WhiteElo "1676"]
[BlackElo "1909"]
[PlyCount "120"]
[EventDate "2017.??.??"]

1. e4 c5 2. Nf3 a6 3. c4 Nc6 4. d4 cxd4 5. Nxd4 e5 6. Nf5 d6 7. Ne3 Nf6 8. Nc3
Be6 9. Be2 Be7 10. O-O O-O 11. b3 Rc8 12. Bb2 Nd4 13. Nc2 Nxc2 14. Qxc2 Nd7 15.
Qd1 Nb8 16. Bg4 Qd7 17. Bxe6 fxe6 18. Na4 Qc7 19. Bc1 b5 20. Nb2 Nc6 21. Be3
Bf6 22. Rc1 Qd7 23. Qd2 Nd4 24. Qd3 Qb7 25. Rfe1 Rfd8 26. Bxd4 exd4 27. f4 e5
28. g3 Qb6 29. Kg2 Qa5 30. a4 Rb8 31. cxb5 axb5 32. Re2 Qb4 33. Rec2 bxa4 34.
bxa4 Kf8 35. Qc4 Qb7 36. Qd3 d5 37. Re1 Re8 38. f5 Rec8 39. Rxc8+ Rxc8 40. Re2
dxe4 41. Qb5 Qa8 42. Nc4 e3+ 43. Kg1 Qc6 44. Qxc6 Rxc6 45. Nxe3 dxe3 46. Rxe3
Rc1+ 47. Kg2 Ra1 48. Rc3 Kg8 49. Rc4 Ra2+ 50. Kg1 Kf7 51. Re4 Ke7 52. h4 Kd6
53. h5 h6 54. Kf1 Kd5 55. Rb4 e4 56. g4 e3 57. g5 e2+ 58. Kf2 Bc3 59. Rb5+ Kc4
60. Rb1 e1=Q+ 0-1

[Event "WSCC Open U13"]
[Site "?"]
[Date "2017.04.24"]
[Round "?"]
[White "Kervancioglu, Talu"]
[Black "Tablan, Matei-Christian"]
[Result "0-1"]
[WhiteElo "1495"]
[BlackElo "1676"]
[PlyCount "118"]
[EventDate "2017.??.??"]

1. e4 e6 2. d4 d5 3. Nc3 Bb4 4. exd5 exd5 5. Bd3 Ne7 6. Nge2 Nf5 7. O-O O-O 8.
Bf4 c6 9. Ng3 Nxg3 10. Bxg3 Bd6 11. Qh5 g6 12. Qh6 f5 13. Bh4 Be7 14. Bxe7 Qxe7
15. Rfe1 Qd8 16. Re3 Re8 17. Rae1 Rxe3 18. Rxe3 Qf8 19. Qg5 Nd7 20. Rf3 Kh8 21.
g4 Nb6 22. gxf5 gxf5 23. Bxf5 Bxf5 24. Rxf5 Qg7 25. b3 Qxd4 26. Qf6+ Qxf6 27.
Rxf6 Kg7 28. Rf3 Nd7 29. Ne2 Re8 30. Nd4 Re1+ 31. Kg2 Nf6 32. Nf5+ Kg6 33. Nd6
b5 34. Rg3+ Kh5 35. Kh3 Ne4 36. Nxe4 Rxe4 37. Rc3 Re6 38. f4 Kg6 39. Kg4 h5+
40. Kf3 Kf5 41. Re3 Re4 42. Rc3 Rxf4+ 43. Ke2 Re4+ 44. Kd3 Re6 45. Kd4 h4 46.
h3 Kf4 47. a3 Rg6 48. b4 Rg3 49. Rxc6 Rxh3 50. Rc5 Rxa3 51. c3 Ra1 52. Kxd5 h3
53. Rc8 h2 54. Rh8 h1=Q+ 55. Rxh1 Rxh1 56. Kc5 Rc1 57. Kd4 Kf5 58. Kd3 Ke5 59.
Kd2 Rh1 0-1

[Event "WSCC Open U13"]
[Site "?"]
[Date "2017.04.24"]
[Round "?"]
[White "Tablan, Matei-Christian"]
[Black "Munshi, Aditya"]
[Result "0-1"]
[WhiteElo "1676"]
[BlackElo "1869"]
[PlyCount "40"]
[EventDate "2017.??.??"]

1. e4 c5 2. Nf3 d6 3. d4 cxd4 4. Nxd4 Nf6 5. Nc3 a6 6. Be3 e5 7. Nb3 Be6 8. Bd3
Be7 9. O-O Nc6 10. Qd2 h6 11. h3 O-O 12. f4 exf4 13. Bxf4 Ne5 14. Nd4 Nh5 15.
Nxe6 fxe6 16. Be3 Qe8 17. Rxf8+ Bxf8 18. Ne2 Qg6 19. Nf4 Nxf4 20. Bxf4 Nf3+ 0-1

[Event "Campionatul National de sah al Romaniei"]
[Site "Baile Felix"]
[Date "2017.02.09"]
[Round "9.11"]
[White "Tablan, Matei-Christian"]
[Black "Secrieru, Andrei-Cristian"]
[Result "0-1"]
[WhiteElo "1602"]
[BlackElo "1884"]
[PlyCount "144"]
[EventDate "2017.02.02"]
[EventRounds "9"]

1. e4 c5 2. Nf3 e6 3. d4 cxd4 4. Nxd4 Nc6 5. c4 a6 6. a3 Qc7 7. Nc3 Nf6 8. Be3
Be7 9. Be2 O-O 10. O-O d6 11. Qd2 Bd7 12. f3 Na5 13. Rfc1 e5 14. Nd5 Nxd5 15.
cxd5 Qd8 16. Nc2 Nb3 17. Qb4 Nxc1 18. Rxc1 b5 19. Qe1 a5 20. b4 a4 21. Qf1 Rb8
22. Ne1 f5 23. Bd3 fxe4 24. Bxe4 Bf5 25. Qd3 Bxe4 26. fxe4 Bg5 27. Rc6 Bxe3+
28. Qxe3 Qf6 29. Nf3 Rfc8 30. Qa7 Qd8 31. Kf1 Ra8 32. Qb7 Rcb8 33. Qc7 Qxc7 34.
Rxc7 Rc8 35. Rd7 Rd8 36. Rb7 Rab8 37. Rc7 Rbc8 38. Rb7 Rc3 39. Rxb5 Rxa3 40.
Ra5 Ra1+ 41. Ke2 a3 42. b5 Rb8 43. Ne1 Rb1 44. Rxa3 R8xb5 45. Nd3 Rb6 46. h3
R1b3 47. Ra7 Rb7 48. Ra6 R3b6 49. Ra3 Kf7 50. Ra8 Kg6 51. g4 Rf7 52. h4 h6 53.
Ra1 h5 54. g5 Rfb7 55. Ra8 Rd7 56. Re8 Kf7 57. Rh8 Ra7 58. Rc8 Ra2+ 59. Kd1
Rb1+ 60. Nc1 Rh2 61. Rc6 Ra1 62. Rc7+ Kg6 63. Rc6 Kh7 64. Rc8 Rxh4 65. Kc2 Rxe4
66. Nb3 Rh1 67. Rc6 Rh2+ 68. Kd3 Rg4 69. Rxd6 Rh3+ 70. Kc2 Rg2+ 71. Nd2 Rhh2
72. Kc3 Rxd2 0-1

[Event "Campionatul National de sah al Romaniei"]
[Site "Baile Felix"]
[Date "2017.02.08"]
[Round "8.18"]
[White "Tablan, Matei-Christian"]
[Black "Caba, Victor-Paul"]
[Result "1-0"]
[WhiteElo "1602"]
[BlackElo "1627"]
[PlyCount "85"]
[EventDate "2017.02.02"]
[EventRounds "9"]

1. e4 e6 2. d4 d5 3. Nc3 Bb4 4. e5 c5 5. a3 Bxc3+ 6. bxc3 Nc6 7. f4 Nge7 8. Nf3
Bd7 9. Bd3 Ng6 10. O-O O-O 11. Be3 cxd4 12. cxd4 Qc7 13. Nd2 Nce7 14. Nb3 b6
15. Bd2 Nc6 16. Qh5 f6 17. Qd1 a5 18. Be3 Bc8 19. Qe2 Nb8 20. c4 Ne7 21. c5 Ba6
22. cxb6 Qxb6 23. Nc5 Bxd3 24. Qxd3 Rc8 25. Rab1 Qc6 26. Rfc1 Qe8 27. Nxe6 Nec6
28. Qf5 Nd7 29. Ng5 Ne7 30. Qxh7+ Kf8 31. Ne6+ Kf7 32. Nc7 Qd8 33. e6+ Kf8 34.
Nxa8 Rxa8 35. exd7 Qxd7 36. Qd3 Nf5 37. Bf2 Re8 38. Qb5 Qd8 39. Re1 Rxe1+ 40.
Rxe1 Qa8 41. Qd7 g6 42. g4 Ng7 43. Rc1 1-0

[Event "Campionatul National de sah al Romaniei"]
[Site "Baile Felix"]
[Date "2017.02.07"]
[Round "7.11"]
[White "Juravle, Mihnea-Marian"]
[Black "Tablan, Matei-Christian"]
[Result "1-0"]
[WhiteElo "1965"]
[BlackElo "1602"]
[PlyCount "85"]
[EventDate "2017.02.02"]
[EventRounds "9"]

1. e4 c5 2. Nf3 d6 3. Nc3 Nf6 4. d4 cxd4 5. Nxd4 a6 6. f3 e6 7. Be3 Bd7 8. Qd2
Be7 9. g4 O-O 10. O-O-O Nc6 11. g5 Ne8 12. h4 Nc7 13. f4 Rc8 14. Bd3 e5 15. Nf5
Bxf5 16. exf5 f6 17. Bc4+ Kh8 18. Bb6 Qd7 19. Bxc7 Qxc7 20. Be6 Qa5 21. Bxc8
Rxc8 22. fxe5 fxe5 23. f6 Bf8 24. Kb1 Nd4 25. Ne2 Qxd2 26. Rxd2 Nxe2 27. fxg7+
Kxg7 28. Rxe2 Be7 29. Rf2 Rf8 30. Rxf8 Bxf8 31. Kc1 Be7 32. Kd2 h6 33. gxh6+
Kxh6 34. Ke3 Kh5 35. Ke4 Bxh4 36. Kf5 e4 37. Kxe4 Kg4 38. Rxh4+ Kxh4 39. Kd5
Kg4 40. a4 b5 41. axb5 axb5 42. Kxd6 b4 43. Kc5 1-0

[Event "Campionatul National de sah al Romaniei"]
[Site "Baile Felix"]
[Date "2017.02.06"]
[Round "6.10"]
[White "Tablan, Matei-Christian"]
[Black "Coca, Cristi-Iulian"]
[Result "1/2-1/2"]
[WhiteElo "1602"]
[BlackElo "2012"]
[PlyCount "79"]
[EventDate "2017.02.02"]
[EventRounds "9"]

1. e4 c5 2. Nf3 e6 3. d4 cxd4 4. Nxd4 a6 5. c4 Nf6 6. Nc3 Qc7 7. a3 b6 8. Be3
Bb7 9. f3 Be7 10. Be2 d6 11. O-O Nbd7 12. Qd2 Rc8 13. Rfc1 O-O 14. b4 Rfe8 15.
Ra2 Qb8 16. Rac2 Bd8 17. Nb3 Bc7 18. g3 h5 19. Bg5 Nh7 20. Rd1 d5 21. Bf4 Bxf4
22. Qxf4 dxc4 23. Bxc4 Rxc4 24. Rxd7 Qxf4 25. gxf4 Bc6 26. Rc7 Rd8 27. Nd2 Rcd4
28. Rxc6 Rxd2 29. Rxd2 Rxd2 30. Rxb6 Rd3 31. Na4 Rxf3 32. Nc5 Nf6 33. Rxa6 Rxf4
34. Ra8+ Kh7 35. b5 Ng4 36. h3 Ne3 37. b6 Rf1+ 38. Kh2 h4 39. Nd3 Rb1 40. Rb8
1/2-1/2

[Event "Campionatul National de sah al Romaniei"]
[Site "Baile Felix"]
[Date "2017.02.05"]
[Round "5.17"]
[White "Antal, Andrei"]
[Black "Tablan, Matei-Christian"]
[Result "0-1"]
[WhiteElo "1372"]
[BlackElo "1602"]
[PlyCount "106"]
[EventDate "2017.02.02"]
[EventRounds "9"]

1. d4 c5 2. e3 e6 3. Nf3 Nc6 4. Bd3 d5 5. b3 Nf6 6. Bb2 Bd6 7. Ne5 Bxe5 8. dxe5
Nd7 9. Bb5 Qa5+ 10. Nc3 Ncxe5 11. Bxd7+ Nxd7 12. O-O O-O 13. Qg4 f5 14. Qg5 Nf6
15. Ne2 Qc7 16. Ng3 Qf7 17. Rfd1 Bd7 18. c4 Bc6 19. cxd5 Bxd5 20. Nxf5 exf5 21.
Bxf6 Bxb3 22. Bxg7 Qxg7 23. Qxg7+ Kxg7 24. axb3 Rfd8 25. Kf1 a6 26. Ke2 Kf6 27.
f4 Ke6 28. Rac1 b6 29. Rd3 Rxd3 30. Kxd3 Rd8+ 31. Kc3 b5 32. b4 c4 33. Kc2 Rd3
34. Ra1 Rd6 35. g3 Kf6 36. Kc1 Kg6 37. h3 h5 38. h4 Kf6 39. Kc2 Ke6 40. Rc1 Rd3
41. Ra1 Rd6 42. Rc1 Kd7 43. Ra1 Kc6 44. Rc1 Rd3 45. Rd1 Rxd1 46. Kxd1 Kd5 47.
e4+ Kxe4 48. Kd2 Kd5 49. Ke3 c3 50. Ke2 Kc4 51. g4 Kb3 52. g5 c2 53. g6 c1=Q
0-1

[Event "Campionatul National de sah al Romaniei"]
[Site "Baile Felix"]
[Date "2017.02.05"]
[Round "4.8"]
[White "Tablan, Matei-Christian"]
[Black "Craciun, Alexandru-Emilian"]
[Result "0-1"]
[WhiteElo "1602"]
[BlackElo "1944"]
[PlyCount "152"]
[EventDate "2017.02.02"]
[EventRounds "9"]

1. e4 Nf6 2. e5 Nd5 3. c4 Nb6 4. d4 d6 5. exd6 cxd6 6. Nc3 g6 7. Be2 Bg7 8. Be3
Nc6 9. Rc1 O-O 10. Nf3 f5 11. Qd2 e5 12. d5 Ne7 13. Bg5 Nd7 14. O-O a5 15. Na4
f4 16. c5 Nf6 17. Bxf6 Bxf6 18. Nb6 Ra7 19. Nxc8 Nxc8 20. c6 e4 21. Nd4 Bxd4
22. Qxd4 f3 23. Qxe4 fxe2 24. Qxe2 bxc6 25. Qe6+ Raf7 26. Rxc6 Re8 27. Qg4 Ne7
28. Rc4 Nxd5 29. g3 Qf6 30. Rc8 Rxc8 31. Qxc8+ Kg7 32. Qc1 Nb4 33. Qc3 Qxc3 34.
bxc3 Nxa2 35. Ra1 Nxc3 36. Rxa5 d5 37. Rc5 d4 38. Kf1 Re7 39. Rc4 d3 40. Rd4
Ne4 41. Rxd3 Kf6 42. f4 Rc7 43. Ke2 Rc2+ 44. Ke3 Nf2 45. Rd7 Ng4+ 46. Ke4 Ke6
47. Ra7 Nf6+ 48. Kf3 Rxh2 49. Ra6+ Ke7 50. Ra7+ Nd7 51. Ke4 Rg2 52. Kf3 Rb2 53.
Kg4 h6 54. Kh4 Rh2+ 55. Kg4 Rd2 56. Kf3 Ke6 57. Ra6+ Rd6 58. Ra7 h5 59. Ra5 Rd5
60. Ra6+ Kf5 61. Ra3 Nf6 62. Re3 Rc5 63. Ra3 Ne4 64. Kg2 Rc3 65. Ra5+ Kg4 66.
Ra6 Rxg3+ 67. Kh2 Kxf4 68. Re6 h4 69. Re8 g5 70. Rf8+ Kg4 71. Ra8 h3 72. Ra4
Rg2+ 73. Kh1 Kf3 74. Ra3+ Ke2 75. Ra2+ Nd2 76. Rb2 g4 0-1

[Event "Campionatul National de sah al Romaniei"]
[Site "Baile Felix"]
[Date "2017.02.03"]
[Round "2.14"]
[White "Tablan, Matei-Christian"]
[Black "Padurariu, Mihai-Edward"]
[Result "0-1"]
[WhiteElo "1602"]
[BlackElo "1860"]
[PlyCount "72"]
[EventDate "2017.02.02"]
[EventRounds "9"]

1. e4 c5 2. Nf3 a6 3. c4 Nc6 4. d4 cxd4 5. Nxd4 e5 6. Nf5 d6 7. Nc3 Nf6 8. Ne3
Be6 9. Bd3 Be7 10. O-O O-O 11. f3 Nd7 12. b3 Bg5 13. Ned5 Bxc1 14. Qxc1 Nd4 15.
Qd2 Rc8 16. Ne2 Bxd5 17. exd5 Nxe2+ 18. Qxe2 f5 19. Qc2 g6 20. Kh1 b5 21. Qe2
bxc4 22. Bxc4 a5 23. Bb5 Nc5 24. Rac1 e4 25. f4 Rb8 26. Bc6 Rf7 27. Rc4 Rb4 28.
Rfc1 Nd3 29. Rf1 Rxc4 30. bxc4 Qb6 31. Bb5 Qd4 32. g3 Re7 33. Kg2 e3 34. Rd1
Qe4+ 35. Kg1 Nf2 36. Qf1 Qh1# 0-1

[Event "Campionatul National de sah al Romaniei"]
[Site "Baile Felix"]
[Date "2017.02.02"]
[Round "1.30"]
[White "Rotar, Mircea-Raul"]
[Black "Tablan, Matei-Christian"]
[Result "0-1"]
[WhiteElo "1001"]
[BlackElo "1602"]
[PlyCount "64"]
[EventDate "2017.02.02"]
[EventRounds "9"]

1. e4 c5 2. Nc3 Nc6 3. Nf3 e5 4. Bc4 d6 5. d3 Nge7 6. Ng5 Be6 7. Bxe6 fxe6 8.
Nxe6 Qd7 9. Nb5 Rc8 10. Nxf8 Kxf8 11. O-O Nd4 12. Nxd4 cxd4 13. Bg5 h6 14.
Bxe7+ Kxe7 15. Rc1 Qb5 16. h3 b6 17. b3 g5 18. Qh5 Qe8 19. Qxe8+ Rhxe8 20. g3
Rc3 21. h4 Rec8 22. Kh2 Rxc2 23. Rxc2 Rxc2 24. a4 Rd2 25. Kh3 Rxd3 26. Kg4 Rxb3
27. hxg5 hxg5 28. Kxg5 d3 29. Kh4 d2 30. g4 Rd3 31. Rd1 Kf6 32. Kh5 Rh3# 0-1

[Event "Campionatul National de sah clasic-2016"]
[Site "Calimanesti-Caciulata"]
[Date "2016.04.25"]
[Round "9.16"]
[White "Gavris, Alexandru-Catalin"]
[Black "Tablan, Matei-Christian"]
[Result "1/2-1/2"]
[WhiteElo "1578"]
[BlackElo "1599"]
[PlyCount "124"]
[EventDate "2016.04.18"]
[EventRounds "9"]

1. c4 e6 2. Nc3 c6 3. d4 d5 4. cxd5 cxd5 5. Nf3 Nc6 6. Bg5 f6 7. Bh4 Bd6 8. e3
Nge7 9. Bb5 O-O 10. Bg3 Bb4 11. O-O Bxc3 12. bxc3 a6 13. Be2 Nf5 14. c4 Nxg3
15. hxg3 Ne7 16. Qb3 Qd6 17. Rfc1 Rd8 18. Rc3 Qb8 19. Rac1 Bd7 20. Ne1 Bc6 21.
Nc2 Qd6 22. Nb4 Rdb8 23. cxd5 exd5 24. Bf3 Kf8 25. Rc5 Rd8 26. Nxc6 bxc6 27.
Qd3 g6 28. Bd1 Rdb8 29. Rb1 Rxb1 30. Qxb1 Rb8 31. Qd3 Rb6 32. Ba4 f5 33. Rc1
Qb4 34. Bb3 Qd6 35. Qc3 Qb4 36. Qxb4 Rxb4 37. Kf1 Ke8 38. Ke2 Kd7 39. Kd3 Rb6
40. Rc5 Rb5 41. Rxb5 axb5 42. a4 bxa4 43. Bxa4 Kc7 44. Kc3 Kb6 45. Kb4 Ng8 46.
Bd1 Nf6 47. f3 h5 48. Bc2 Ng8 49. e4 fxe4 50. fxe4 dxe4 51. Bxe4 g5 52. Bf3 Nf6
53. Be2 h4 54. gxh4 gxh4 55. Kc4 Nd5 56. Bf3 Nf4 57. Kc3 Kc7 58. Kd2 Kd6 59.
Ke3 Ne6 60. Bg4 c5 61. Bxe6 cxd4+ 62. Kxd4 Kxe6 1/2-1/2

[Event "Campionatul National de sah clasic-2016"]
[Site "Calimanesti-Caciulata"]
[Date "2016.04.24"]
[Round "8.11"]
[White "Tablan, Matei-Christian"]
[Black "Magold, Victor"]
[Result "0-1"]
[WhiteElo "1599"]
[BlackElo "1568"]
[PlyCount "144"]
[EventDate "2016.04.18"]
[EventRounds "9"]

1. d4 d5 2. c4 e6 3. Nc3 Nf6 4. e3 Be7 5. Nf3 O-O 6. Bd3 c6 7. O-O Nbd7 8. b3
b6 9. Qc2 Bb7 10. e4 dxe4 11. Nxe4 Nxe4 12. Bxe4 Nf6 13. Bb2 Qc7 14. Ne5 c5 15.
Bxb7 Qxb7 16. Rad1 Rad8 17. dxc5 Bxc5 18. Nd3 Be7 19. Bxf6 Bxf6 20. Nc1 Qc7 21.
Qe4 Rd7 22. Rd3 Rxd3 23. Nxd3 Rd8 24. g3 g6 25. Rd1 Rd4 26. Qe2 Qd8 27. Nb2 Kg7
28. Rd3 Rxd3 29. Qxd3 Qxd3 30. Nxd3 Bc3 31. Kf1 Kf6 32. Ke2 Kf5 33. f3 e5 34.
Nf2 Ke6 35. g4 f5 36. h3 Bd4 37. Nd3 Kf6 38. h4 Bc3 39. Nf2 Bb4 40. Nh3 Be7 41.
Nf2 Ke6 42. g5 Kd7 43. Nd3 Bd6 44. Kf2 a5 45. Nb2 Kc6 46. Nd1 Kc5 47. Nc3 Bc7
48. Ke3 Bd8 49. Kd3 Kd6 50. a3 Kc5 51. Nd5 Kd6 52. b4 axb4 53. Nxb4 Kc5 54. Nd5
b5 55. Nf6 bxc4+ 56. Kc3 Ba5+ 57. Kc2 Be1 58. Nxh7 Bxh4 59. Nf8 Bxg5 60. Nxg6
Bf6 61. a4 Kb4 62. Nf8 Kxa4 63. Nd7 Bg7 64. Nb6+ Kb5 65. Nd5 Kc5 66. Ne3 f4 67.
Nd1 Kd4 68. Nb2 Ke3 69. Nxc4+ Kxf3 70. Kd2 e4 71. Ke1 Bc3+ 72. Kf1 e3 0-1

[Event "Campionatul National de sah clasic-2016"]
[Site "Calimanesti-Caciulata"]
[Date "2016.04.23"]
[Round "7.8"]
[White "Vasilescu, Rares-Cristian"]
[Black "Tablan, Matei-Christian"]
[Result "1/2-1/2"]
[WhiteElo "1445"]
[BlackElo "1599"]
[PlyCount "78"]
[EventDate "2016.04.18"]
[EventRounds "9"]

1. d4 d5 2. Nf3 Nf6 3. e3 Bf5 4. Bd3 Bxd3 5. Qxd3 c6 6. O-O e6 7. Nbd2 Be7 8.
b3 O-O 9. Bb2 b6 10. Ne5 Nfd7 11. f4 Nxe5 12. fxe5 f5 13. c4 Qc8 14. cxd5 cxd5
15. Rfc1 Qb7 16. Rc2 Nd7 17. Rac1 Rfc8 18. a3 Kf8 19. Rc3 Ke8 20. g4 g6 21.
gxf5 exf5 22. Qb5 Kd8 23. Rc6 Rxc6 24. Rxc6 Rc8 25. Rxc8+ Kxc8 26. Nb1 a6 27.
Qd3 b5 28. Nc3 Qc6 29. a4 b4 30. Ne2 Nf8 31. Nf4 Ne6 32. Nxe6 Qxe6 33. Qc2+ Kb7
34. Bc1 f4 35. exf4 Qg4+ 36. Kh1 Qf3+ 37. Kg1 Qg4+ 38. Kh1 Qf3+ 39. Kg1 Qg4+
1/2-1/2

[Event "Campionatul National de sah clasic-2016"]
[Site "Calimanesti-Caciulata"]
[Date "2016.04.22"]
[Round "6.13"]
[White "Tablan, Matei-Christian"]
[Black "Marin, Andrei"]
[Result "1-0"]
[WhiteElo "1599"]
[BlackElo "1397"]
[PlyCount "57"]
[EventDate "2016.04.18"]
[EventRounds "9"]

1. d4 d5 2. c4 e6 3. e3 Nf6 4. Nf3 Be7 5. Bd3 dxc4 6. Bxc4 O-O 7. O-O b6 8. Nc3
Bb7 9. Qe2 Nc6 10. a3 Bd6 11. Rd1 Qe7 12. e4 e5 13. d5 Nb8 14. Bg5 Nbd7 15. Nh4
h6 16. Nf5 Qd8 17. Bh4 Be7 18. d6 cxd6 19. Nxd6 Bxd6 20. Rxd6 Qe7 21. Rad1 Rad8
22. Qd2 g5 23. Bxg5 hxg5 24. Qxg5+ Kh8 25. R1d3 Rfe8 26. Rg3 Qf8 27. Rxf6 Nxf6
28. Qxf6+ Qg7 29. Qxg7# 1-0

[Event "Campionatul National de sah clasic-2016"]
[Site "Calimanesti-Caciulata"]
[Date "2016.04.21"]
[Round "4.13"]
[White "Tablan, Matei-Christian"]
[Black "Constandache, Vlad-Ciprian"]
[Result "0-1"]
[WhiteElo "1599"]
[BlackElo "1427"]
[PlyCount "62"]
[EventDate "2016.04.18"]
[EventRounds "9"]

1. b3 d5 2. Bb2 Bf5 3. d4 Nf6 4. e3 e6 5. Nd2 Nbd7 6. f4 c5 7. c3 cxd4 8. cxd4
Bb4 9. Ngf3 Rc8 10. Rc1 Ne4 11. Rxc8 Qxc8 12. Be2 Ndf6 13. h3 Ng3 14. Rg1 Nfe4
15. Bb5+ Ke7 16. a3 Bc3 17. Qa1 Bxd2+ 18. Nxd2 Nxd2 19. Kxd2 Qc2+ 20. Ke1 Ne4
21. Qc1 Qf2+ 22. Kd1 Qxg1+ 23. Ke2 Qxc1 24. Bxc1 Rc8 25. Bd2 Rc2 26. g4 Rxd2+
27. Ke1 Bg6 28. Be2 Ra2 29. Bb5 a6 30. Bd3 Nc3 31. Bxg6 hxg6 0-1

[Event "Campionatul National de sah clasic-2016"]
[Site "Calimanesti-Caciulata"]
[Date "2016.04.21"]
[Round "5.19"]
[White "Ungureanu, David-Mihai"]
[Black "Tablan, Matei-Christian"]
[Result "0-1"]
[WhiteElo "1271"]
[BlackElo "1599"]
[PlyCount "96"]
[EventDate "2016.04.18"]
[EventRounds "9"]

1. d4 d5 2. Nf3 e6 3. e3 c5 4. c3 Nc6 5. Bd3 Bd6 6. O-O Nf6 7. dxc5 Bxc5 8. b4
Bd6 9. Re1 O-O 10. Bb2 b6 11. Nbd2 Bb7 12. Rc1 Qe7 13. a3 a5 14. Bb1 Rfc8 15.
Qc2 axb4 16. cxb4 Nxb4 17. Qb3 Nc6 18. Qd3 e5 19. Qf5 Qd7 20. Qxd7 Nxd7 21. e4
d4 22. Nc4 Bc5 23. Ncd2 Na5 24. Bd3 Ba6 25. Bxa6 Rxa6 26. Nc4 Nxc4 27. Rxc4 Ra7
28. Rec1 Rac7 29. a4 Bd6 30. Rxc7 Rxc7 31. Ra1 Bb4 32. h3 f6 33. Ba3 Bxa3 34.
Rxa3 Nc5 35. a5 Ra7 36. Ra1 Rxa5 37. Rb1 b5 38. Re1 b4 39. Nd2 b3 40. Rb1 Rb5
41. f3 b2 42. Nc4 Na4 43. h4 d3 44. Kh2 Nc3 45. Rxb2 Rxb2 46. Nxb2 d2 47. g4
d1=Q 48. Nxd1 Nxd1 0-1

[Event "Campionatul National de sah clasic-2016"]
[Site "Calimanesti-Caciulata"]
[Date "2016.04.20"]
[Round "3.5"]
[White "Stroe, Flavius-Gabriel"]
[Black "Tablan, Matei-Christian"]
[Result "1-0"]
[WhiteElo "1793"]
[BlackElo "1599"]
[PlyCount "61"]
[EventDate "2016.04.18"]
[EventRounds "9"]

1. d4 d5 2. c4 e6 3. Nc3 Bb4 4. Nf3 h6 5. a3 Bxc3+ 6. bxc3 Nf6 7. Bf4 Nbd7 8.
e3 b6 9. cxd5 Nxd5 10. Bg3 Bb7 11. Bd3 N5f6 12. O-O O-O 13. Re1 Ne4 14. Bh4 g5
15. Bg3 Nxg3 16. hxg3 f5 17. Nd2 Nf6 18. e4 Nd7 19. Qh5 Kg7 20. exf5 exf5 21.
Re6 Nf6 22. Qe2 Bc8 23. Re7+ Rf7 24. Rxf7+ Kxf7 25. Qf3 Qd5 26. Bc4 Be6 27.
Bxd5 Bxd5 28. Qxf5 Re8 29. Nf3 g4 30. Ne5+ Ke7 31. Re1 1-0